00310 2200145 4500245003500000250001100035100001100046650001700057650001600074005001900090260001800109041001400127084001400141336000900155 aMy Story of LifecNailahhText aCet. 1 aNailah aAutobiografi aKarya Siswa a20250520103731 aJakartac2025 aIndonesia a081 NAI m atext